logo

Bir Sreshtho Munshi Abdur Rouf Library
Jhenaidah Cadet College

কুরোসাওয়ার আত্মজীবনী / (Record no. 12236)

MARC details
000 -LEADER
fixed length control field 00735nam a2200241 a 4500
001 - CONTROL NUMBER
JCCL Control Number 12236
003 - CONTROL NUMBER IDENTIFIER
JCCL marc code BD-JhCC
005 - DATE AND TIME OF LATEST TRANSACTION
control field 20210829124639.0
008 - FIXED-LENGTH DATA ELEMENTS--GENERAL INFORMATION
fixed length control field 210829b2018 bg a|||| ||a| 001 0 ben d
020 ## - INTERNATIONAL STANDARD BOOK NUMBER
International Standard Book Number 9789847764160
035 ## - SYSTEM CONTROL NUMBER
system control number (BD-JhCC)12236
040 ## - CATALOGING SOURCE
Original cataloging agency BD-JhCC
Modifying agency BD-JhCC
041 ## - LANGUAGE CODE
Language code of Book bengali
082 ## - DEWEY DECIMAL CLASSIFICATION NUMBER
DDC Edition number 22
Classification number 791.43023309
Author mark and Year ARI 2018
082 ## - DEWEY DECIMAL CLASSIFICATION NUMBER
Classification number Kurosawa, Akira
100 ## - MAIN ENTRY--PERSONAL NAME
Personal name আরিফ, রুদ্র
245 ## - TITLE STATEMENT
Title কুরোসাওয়ার আত্মজীবনী /
Statement of responsibility, etc রুদ্র আরিফ।
260 ## - PUBLICATION, DISTRIBUTION, ETC. (IMPRINT)
Place of publication, distribution, etc ঢাকা:
Name of publisher, distributor, etc ঐতিহ্য;
Date of publication, distribution, etc ২০১৮.
300 ## - PHYSICAL DESCRIPTION
Pagination 288 p. :
Other physical details ill;
Dimensions 22 cm.
650 ## - SUBJECT ADDED ENTRY--TOPICAL TERM
Topical term or geographic name as entry element Motion picture produces and directors.
942 ## - ADDED ENTRY ELEMENTS (KOHA)
Source of classification or shelving scheme Dewey Decimal Classification
Koha item type Books
Holdings
Source of classification or shelving scheme Damaged status Not for loan Home library Current library Shelving location Date of accession Cost, normal purchase price Total Checkouts Full call number Barcode Date last seen Date checked out Copy number Koha item type
Dewey Decimal Classification     JCC Rouf Library JCC Rouf Library General Stacks 08/29/2021 425.00 1 791.43023309 ARI 2018 16755 09/25/2023 09/21/2023 C-1 Books

JCC Library | Contacts | JCC Home

Last Update on 23 September 2017
Copyright @ 2017-2020 JCC Rouf Library
Rouf Library, Jhenidah Cadet College (JCC), Bangladesh